[Event "Druga liga Centralne Srbije 2010 - zapad"]
[Site "?"]
[Date "2010.10.14"]
[Round "6.5"]
[White "Vasilic, Mihailo"]
[Black "Milosevic, Slavisa"]
[Result "0-1"]
[WhiteElo "2033"]
[BlackElo "2280"]
[PlyCount "74"]
[EventDate "2010.09.12"]

1. e4 c5 2. Nf3 e6 3. d4 cxd4 4. Nxd4 Bc5 5. Nb3 Bb6 6. Nc3 Ne7 7. Bg5 Nbc6 8.
Bb5 f6 9. Bh4 O-O 10. Bg3 d5 11. exd5 exd5 12. Qd2 a6 13. Bd3 Be6 14. O-O Ne5
15. Rfe1 Rc8 16. Rad1 Bg4 17. Ne2 Nxd3 18. cxd3 Qd7 19. Qb4 Ba7 20. h3 Bh5 21.
Rd2 Nf5 22. Bh2 Rfe8 23. g4 Nh4 24. Red1 Nf3+ 25. Kg2 Nxd2 26. Rxd2 Bg6 27.
Ned4 h5 28. f3 hxg4 29. hxg4 Re3 30. Bg1 Rxd3 31. Re2 Rc4 32. Qe1 Bxd4 33. Bxd4
Rxb3 34. Re7 Qd6 35. Re6 Qb4 36. Re8+ Bxe8 37. Qxe8+ Qf8 0-1

[Event "Druga liga Centralne Srbije 2010 - zapad"]
[Site "?"]
[Date "2010.10.14"]
[Round "6.5"]
[White "Rihterovic, Milan"]
[Black "Mirkovic, Stevan"]
[Result "1-0"]
[WhiteElo "2242"]
[BlackElo "2217"]
[PlyCount "77"]
[EventDate "2010.09.12"]

1. d4 d5 2. c4 dxc4 3. Nf3 Nf6 4. Nc3 e6 5. e3 c5 6. Bxc4 a6 7. a4 Nc6 8. O-O
Be7 9. Qd3 O-O 10. Rd1 cxd4 11. exd4 Nd5 12. Bd2 Na5 13. Nxd5 exd5 14. Ba2 Bg4
15. Re1 Bf6 16. Bb4 Nc6 17. Bxf8 Qxf8 18. Bxd5 Nb4 19. Qb3 Rd8 20. Bxb7 a5 21.
Be4 Be6 22. Qe3 Qd6 23. Rad1 h6 24. h3 Bd7 25. b3 Re8 26. Ne5 Be6 27. f4 Rb8
28. Kh1 Bh4 29. Rf1 Nd5 30. Qf3 Nf6 31. Nc4 Qa6 32. d5 Bc8 33. Bc2 Bb7 34. Ne5
Bxd5 35. Rxd5 Nxd5 36. Bd3 Qd6 37. Bc4 Ne7 38. Nxf7 Qc7 39. Qg4 1-0

[Event "Druga liga Centralne Srbije 2010 - zapad"]
[Site "?"]
[Date "2010.10.14"]
[Round "6.6"]
[White "Grubisic, Ilija"]
[Black "Raicevic, Momcilo"]
[Result "0-1"]
[WhiteElo "2345"]
[BlackElo "2348"]
[PlyCount "63"]
[EventDate "2010.09.12"]

1. Nf3 d5 2. b3 Nf6 3. e3 g6 4. Bb2 Bg7 5. d4 O-O 6. Nbd2 Bf5 7. Ne5 Nbd7 8.
Nxd7 Nxd7 9. g4 Be6 10. f4 c5 11. Qf3 cxd4 12. exd4 Nf6 13. f5 Bd7 14. Bd3 Qa5
15. c3 Rac8 16. b4 Qb6 17. Kf1 e6 18. Kg2 exf5 19. gxf5 Qd6 20. Rhf1 Bh6 21.
Nb3 Ne4 22. Nc5 Bxf5 23. Nxe4 dxe4 24. Bxe4 Bxe4 25. Qxe4 Rce8 26. Qg4 b5 27.
Qf3 Re7 28. Rf2 Rfe8 29. h3 Bf4 30. Kh1 f5 31. a4 Be3 32. Rg2 0-1

[Event "Druga liga Centralne Srbije 2010 - zapad"]
[Site "?"]
[Date "2010.10.14"]
[Round "6.6"]
[White "Jovanovic, Nenad R"]
[Black "Sredojevic, Srdjan"]
[Result "1/2-1/2"]
[WhiteElo "2357"]
[BlackElo "2177"]
[PlyCount "66"]
[EventDate "2010.09.12"]

1. Nf3 d5 2. b3 Nf6 3. Bb2 Bf5 4. g3 e6 5. Bg2 Be7 6. d3 c5 7. c4 Nc6 8. cxd5
exd5 9. O-O O-O 10. d4 Qd7 11. dxc5 Bxc5 12. Bxf6 gxf6 13. Nc3 Rfd8 14. Nh4 Be6
15. e3 Ne5 16. Ne2 a5 17. Nd4 Bg4 18. f3 Be6 19. g4 Rac8 20. h3 Ng6 21. Nxg6
fxg6 22. f4 Bf7 23. Qd3 Qe7 24. Rf2 Re8 25. Rb2 Bb4 26. Nb5 d4 27. e4 a4 28. e5
axb3 29. axb3 Qc5 30. Re1 fxe5 31. Rxe5 Rxe5 32. fxe5 Qxe5 33. Kh1 Rd8 1/2-1/2

[Event "Druga liga Centralne Srbije 2010 - zapad"]
[Site "?"]
[Date "2010.10.14"]
[Round "6.6"]
[White "Bojanic, Bratislav"]
[Black "Vencl, Radivoje"]
[Result "1-0"]
[WhiteElo "2235"]
[BlackElo "2308"]
[PlyCount "60"]
[EventDate "2010.09.12"]

1. e4 d5 2. exd5 Qxd5 3. d4 c6 4. c4 Qd8 5. Nc3 Nf6 6. Nf3 Bg4 7. Be2 e6 8. O-O
Be7 9. h3 Bh5 10. Re1 O-O 11. a3 Nbd7 12. Ne5 Bxe2 13. Qxe2 Re8 14. Bf4 Qb6 15.
Rad1 Nf8 16. g4 Ng6 17. Bg3 Rad8 18. g5 Nd7 19. Nxf7 Kxf7 20. Qxe6+ Kf8 21. Re3
Bxg5 22. Qf5+ Nf6 23. Qxg5 Rxe3 24. Qxe3 Qxb2 25. Rb1 Qxa3 26. Rxb7 Qa6 27. Rc7
Qxc4 28. d5 Nxd5 29. Qe6 Nb6 30. Bd6+ Rxd6 1-0

[Event "Druga liga Centralne Srbije 2010 - zapad"]
[Site "?"]
[Date "2010.10.14"]
[Round "6.6"]
[White "Lukic, Dragan M"]
[Black "Drcelic, Sreten"]
[Result "1-0"]
[WhiteElo "2283"]
[BlackElo "2233"]
[PlyCount "25"]
[EventDate "2010.09.12"]

1. e4 d6 2. d4 Nf6 3. Nc3 c6 4. f4 Nbd7 5. Nf3 Qc7 6. e5 Nd5 7. Ne4 b5 8. b3
N7b6 9. Bd3 e6 10. O-O g6 11. Ba3 dxe5 12. Nd6+ Bxd6 13. Bxd6 1-0

[Event "Druga liga Centralne Srbije 2010 - zapad"]
[Site "?"]
[Date "2010.10.14"]
[Round "6.6"]
[White "Ivanovic, Dragoslav"]
[Black "Nesic, Dragisa"]
[Result "1/2-1/2"]
[WhiteElo "2132"]
[BlackElo "2141"]
[PlyCount "84"]
[EventDate "2010.09.12"]

1. e4 c5 2. Nf3 Nc6 3. d4 cxd4 4. Nxd4 g6 5. c4 Bg7 6. Be3 Nf6 7. Nc3 Ng4 8.
Qxg4 Nxd4 9. Qd1 Ne6 10. Qd2 Qa5 11. Be2 g5 12. O-O d6 13. Rfd1 Bd7 14. Nd5
Qxd2 15. Rxd2 h6 16. Rc1 Rc8 17. b4 b6 18. g3 Nc7 19. c5 bxc5 20. bxc5 Nxd5 21.
exd5 dxc5 22. Rxc5 Rxc5 23. Bxc5 a5 24. Bc4 Bf6 25. Re2 h5 26. Bxe7 Bxe7 27. d6
Be6 28. Bxe6 Bxd6 29. Bb3+ Kf8 30. Rd2 Bb4 31. Rd8+ Kg7 32. Rxh8 Kxh8 33. Bxf7
h4 34. Kg2 Kg7 35. Bb3 hxg3 36. hxg3 Kf6 37. Kh3 Be1 38. f3 Bf2 39. Kg4 Be1 40.
a4 Bf2 41. Bd5 Be1 42. Be4 Bf2 1/2-1/2